| 000 | 01079naa a22002897a 4500 | ||
|---|---|---|---|
| 001 | BR7703056 | ||
| 003 | BR-BrBNA | ||
| 005 | 20240918173952.0 | ||
| 007 | ta | ||
| 008 | 230509b bl.||||| |||| 00| 0 por d | ||
| 040 |
_aBR-BrBNA _bpor _cBiblioteca Nacional de Agricultura |
||
| 041 | _a(Pt) | ||
| 072 |
_aN10; D50 _b4440 |
||
| 090 | _aN10 BR7703056 | ||
| 110 | 1 |
_aCompanhia Brasileira de Armazenamento, Brasilia, DF _92306 |
|
| 111 | 1 |
_a2. Seminario Nacional de Armazenagem _cBrasilia, DF (Brazil) _d25 Oct 1976 |
|
| 245 | 1 | _aRoteiro para constituicao e funcionamento de uma empresa de armazem geral | |
| 260 | 3 |
_aBrasilia, DF (Brasil): _c1977. |
|
| 500 | _aAnais do 2. Seminario Nacional de Armazenagem Brasilia, DF (Brasil): 1977. v. 2 p. 345-351 (BR7703056-AM)N10 | ||
| 650 | _aEngenharia agricola | ||
| 650 | _aLegislacao | ||
| 650 | _aArmazenamento | ||
| 650 | _aArmazem | ||
| 773 | 0 |
_tAnais do 2. Seminario Nacional de Armazenagem _wN10 BR7703056 _gBrasilia, DF (Brasil), 1977. v. 2 p. 345-351 |
|
| 909 |
_a202404 _bLucia _c55 _dLucia Elande |
||
| 942 |
_cAM _2AGRIS |
||
| 999 |
_c308032 _d308032 |
||